Bệnh khớp
Đã lưu trong:
| 主要作者: | |
|---|---|
| 其他作者: | |
| 格式: | 圖書 |
| 出版: |
Tp. Hồ Chí Minh
Y học
1979
|
| 主題: | |
| 標簽: |
添加標簽
沒有標簽, 成為第一個標記此記錄!
|
| Thư viện lưu trữ: | Trung tâm Học liệu Lê Vũ Hùng, Trường Đại học Đồng Tháp |
|---|
| LEADER | 00689pam a22002058a 4500 | ||
|---|---|---|---|
| 001 | 00000847 | ||
| 005 | 20171026081022.0 | ||
| 008 | 110323s1979 ||||||Viesd | ||
| 041 | 0 | # | |a Vie |
| 082 | 1 | 4 | |a 616.7 |b B256KH |
| 100 | 0 | # | |a Trần Ngọc Ân |
| 245 | 0 | 0 | |a Bệnh khớp |c Trần Ngọc Ân, Phạm Khuê |
| 260 | # | # | |a Tp. Hồ Chí Minh |b Y học |c 1979 |
| 300 | # | # | |a 159 tr. |c 24 cm. |
| 653 | # | # | |a Bệnh khớp |a Triệu chứng |a Phương pháp điều trị |
| 700 | 0 | # | |a Phạm Khuê |
| 852 | # | # | |b Kho đọc |j KD.0000749 |
| 852 | # | # | |j KD.0000749 |
| 910 | |d 23/03/2011 | ||
| 980 | # | # | |a Trung tâm Học liệu Lê Vũ Hùng, Trường Đại học Đồng Tháp |